Demokratie in Deutschland Soziologisch-historische Konstellationsanalysen. Ausgewählte Aufsätze

Gespeichert in:
Bibliographische Detailangaben
1. Verfasser: Lepsius, M. Rainer
Format: Buch
Sprache:Deutsch
Veröffentlicht: Göttingen Vandenhoeck & Ruprecht 1993
Ausgabe:1. Aufl.
Schriftenreihe:Kritische Studien zur Geschichtswissenschaft Bd.100
Schlagworte:
Tags: Tag hinzufügen
Keine Tags, Fügen Sie das erste Tag hinzu!

MARC

LEADER 00000nam a2200000 4500
001 c012088
005 20221206074333.5
020 |a 3-525-35763-X 
041 0 |a ger 
044 |a DE 
245 1 0 |a Demokratie in Deutschland  |b Soziologisch-historische Konstellationsanalysen. Ausgewählte Aufsätze  |c M. Rainer Lepsius 
250 |a 1. Aufl. 
264 1 |a Göttingen  |b Vandenhoeck & Ruprecht  |c 1993 
300 |a 362 s. 
490 1 |a Kritische Studien zur Geschichtswissenschaft  |v Bd.100 
830 0 |a Kritische Studien zur Geschichtswissenschaft  |v Bd.100 
610 2 0 |a história 
610 2 0 |a štruktúra sociálna 
610 2 0 |a nacionalizmus 
610 2 0 |a demokracia 
610 2 0 |a štát 
610 2 0 |a kultúra 
610 2 0 |a situácia hospodárska 
610 2 0 |a politika 
610 2 0 |a Európske spoločenstvá 
610 2 0 |a Nemecko 
610 2 0 |a Nemecko 
100 1 |a Lepsius, M. Rainer